000 00336 a2200157 4500
001 48362
020 _a9788573198744
040 _cAnchieta - Bela Vista
100 _aFrança, Mary
240 1 0 _aLuís e Luísa
_lpor
245 1 0 _aLuís e Luísa
300 _a12 p.
362 0 _a2013
650 4 _aLiteratura infantil
942 _cBK
999 _c48362
_d48362